书目信息 |
| 题名: |
便宜十六策
|
|
| 作者: | 诸葛亮 著 ;刘炯 解译 | |
| 分册: | ||
| 出版信息: | 北京 中国人民大学出版社 2010 |
|
| 页数: | 218页 | |
| 开本: | 23cm | |
| 丛书名: | ||
| 单 册: | ||
| 中图分类: | E892.362 , F270-49 | |
| 科图分类: | ||
| 主题词: | 兵法--中国--蜀汉(221~263) , 兵法--应用--企业管理--通俗读物 , 兵法 , 企业管理 | |
| 电子资源: | ||
| ISBN: | 978-7-300-08360-5 | |
| 000 | 00954nam0 2200289 45 | |
| 001 | 1029505577 | |
| 005 | 20130709102659.57 | |
| 010 | @a978-7-300-08360-5@dCNY22.80 | |
| 100 | @a20100426d2010 em y0chiy0110 ea | |
| 101 | 0 | @achi |
| 102 | @aCN@b110000 | |
| 105 | @aab z 000yy | |
| 106 | @ar | |
| 200 | 1 | @a便宜十六策@ABian Yi Shi Liu Ce@f诸葛亮著@FZhu Ge Liang Zhu@g刘炯解译 |
| 210 | @a北京@c中国人民大学出版社@d2010 | |
| 215 | @a218页@c图,地图@d23cm | |
| 330 | @a本书首先介绍了诸葛亮的兵法奇书《便宜十六策》,接着提炼其中治国、治军思想的精髓加以分析,并和古代事例及现代企业、组织的管理实践与成功案例相结合。 | |
| 606 | 0 | @a兵法@y中国@z蜀汉(221~263) |
| 606 | 0 | @a兵法@x应用@x企业管理@j通俗读物 |
| 606 | 0 | @a兵法 |
| 606 | 0 | @a企业管理 |
| 690 | @aE892.362@v4 | |
| 690 | @aF270-49@v4 | |
| 701 | 0 | @a诸葛亮@AZhu Ge Liang@4著 |
| 702 | 0 | @a刘炯@ALiu Jiong@4解译 |
| 801 | 0 | @aCN@bTANGWEI@c20100428 |
| 905 | @b0596483-87@dE892.362@e59@f5 | |
| 便宜十六策/诸葛亮著/刘炯解译.-北京:中国人民大学出版社,2010 |
| 218页:图,地图;23cm |
| ISBN 978-7-300-08360-5:CNY22.80 |
| 本书首先介绍了诸葛亮的兵法奇书《便宜十六策》,接着提炼其中治国、治军思想的精髓加以分析,并和古代事例及现代企业、组织的管理实践与成功案例相结合。 |
| ● |
| 相关链接 |
|
|
|
|
正题名:便宜十六策
索取号:E892.362/59
 
预约/预借
| 序号 | 登录号 | 条形码 | 馆藏地/架位号 | 状态 | 备注 |
| 1 | 0596483 | 205964839 | 第一样本阅览室/ [索取号:E892.362/59] | 在馆 | |
| 2 | 0596484 | 205964848 | 第一借阅区/ [索取号:E892.362/59] | 在馆 | |
| 3 | 0596485 | 205964857 | 第一借阅区/ [索取号:E892.362/59] | 在馆 | |
| 4 | 0596486 | 205964866 | 第一借阅区/ [索取号:E892.362/59] | 在馆 | |
| 5 | 0596487 | 205964875 | 第一借阅区/ [索取号:E892.362/59] | 在馆 |